000 00423nam a22001577a 4500
003 MPLRDC
005 20220104124209.0
008 210129b ||||| |||| 00| 0 eng d
082 _a805.17 JMWW c.2
100 _a将门文物出版有限公司编辑部
245 _a实用日常英文书信
_c
260 _a
_b将门文物出版有限公司
_c
300 _b
650 _a英语作文
942 _cBK
_o805.17 JMWW c.2
999 _c17417
_d17407